| 000 | 00975nam a22002777a 4500 | ||
|---|---|---|---|
| 003 | EG-ScBUE | ||
| 005 | 20211026121428.0 | ||
| 008 | 211026s2016 ua f 000 e ara d | ||
| 017 | _a2016 / 15822 | ||
| 020 | _a9789776565227 | ||
| 040 |
_aEG-ScBUE _bara _erda _cEG-ScBUE _dEG-ScBUE |
||
| 082 | 0 | 4 |
_a892.747 _bت و ف _222 |
| 100 | 1 |
_aتوفيق، مريم، _eمؤلف. |
|
| 245 | 1 | 0 |
_aعشق مختلف جدا : _bمواقف حياتية عاشتها الكاتبة / _cبقلم مريم توفيق. |
| 250 | _aالطبعة الأولى. | ||
| 264 | 1 |
_aالقاهرة : _bمكتبة جزيرة الورد، _c2016. |
|
| 300 |
_a160 صفحة ؛ _c20 سم |
||
| 336 |
_2rdacontent _aنص _btxt |
||
| 337 |
_2rdamedia _aبدون وسيط _bn |
||
| 338 |
_2rdacarrier _aمجلد _bnc |
||
| 541 | _cإهداء. | ||
| 650 | 7 |
_aالمقالات العربية _yقرن 21. _2BUEsh |
|
| 653 |
_bARALIT _cOctober2021 |
||
| 655 |
_vReading book _934232 |
||
| 942 | _2ddc | ||
| 999 |
_c29616 _d29587 |
||